|
|
|
|
| LEADER |
00000cam a2200000 7i4500 |
| 001 |
0000018749 |
| 005 |
20070305.0 |
| 020 |
|
|
|a 156052555X
|
| 040 |
|
|
|a INS
|
| 090 |
0 |
0 |
|a HD31
|b C85 2000
|
| 100 |
1 |
|
|a Conlow, Rick
|
| 245 |
1 |
2 |
|a A back to basics leadership primer excellence in management :
|b bringing out the best in people
|c Rick Conlow
|
| 250 |
|
|
|a Rev. ed.
|
| 260 |
|
|
|a California :
|b Crisp Pub. ,
|c 2000
|
| 300 |
|
|
|a 140 p. ;
|c 26 cm.
|
| 650 |
0 |
0 |
|a Leadership
|
| 650 |
0 |
0 |
|a Management
|
| 999 |
|
|
|a 0000017992
|b BOOK
|c Open Shelf
|e Default branch
|
| 999 |
|
|
|a 0000018050
|b BOOK
|c Open Shelf
|e Default branch
|